[Event "Reykjavik Open 2018"]
[Site "Reykjavik ISL"]
[Date "2018.03.13"]
[Round "8.16"]
[White "Adly, Ahmed"]
[Black "Mohota, Nisha"]
[Result "1-0"]
[WhiteTitle "GM"]
[BlackTitle "IM"]
[WhiteElo "2643"]
[BlackElo "2272"]
[WhiteFideId "10601619"]
[BlackFideId "5004330"]
[EventDate "2018.03.06"]

1. Nf3 d5 2. d4 Nf6 3. g3 e6 4. Bg2 Be7 5. O-O O-O 6. c4 dxc4 7. Ne5 Nc6 8. Nxc6
bxc6 9. Na3 Bxa3 10. bxa3 Ba6 11. Qd2 Rb8 12. a4 Qd6 13. Qa5 Rb6 14. e4 Qb4 15.
Qxb4 Rxb4 16. Ba3 Rxa4 17. Bxf8 Kxf8 18. Rfc1 Ra3 19. Bf1 Nxe4 20. Bxc4 Bb5 21.
Rc2 Nc3 22. Rac1 Nd5 23. Bxd5 exd5 24. Re1 Ra4 25. Rc3 Rxd4 26. Rce3 g5 27. Re7
Rd2 28. Rxc7 Rxa2 29. Ree7 Ra1+ 30. Kg2 f5 31. h4 c5 32. Rxh7 Kg8 33. h5 Ra6 34.
Rcg7+ Kf8 35. Rb7 Kg8 36. h6 Rg6 37. Rhe7 Kf8 38. h7 Rh6 39. Rg7 1-0

[Event "Reykjavik Open 2018"]
[Site "Reykjavik ISL"]
[Date "2018.03.13"]
[Round "8.17"]
[White "Stefansson, Vignir Vatnar"]
[Black "L'Ami, Erwin"]
[Result "0-1"]
[WhiteTitle "FM"]
[BlackTitle "GM"]
[WhiteElo "2300"]
[BlackElo "2634"]
[WhiteFideId "2308649"]
[BlackFideId "1007998"]
[EventDate "2018.03.06"]

1. d4 Nf6 2. c4 g6 3. Nc3 Bg7 4. e4 d6 5. Nf3 O-O 6. Be2 c5 7. d5 Bg4 8. O-O Na6
9. Ne1 Bxe2 10. Qxe2 Nc7 11. Nd3 b5 12. cxb5 a6 13. bxa6 Qc8 14. Ne1 Qxa6 15.
Qxa6 Rxa6 16. Nc2 Rb8 17. Re1 Nd7 18. Re3 Ne5 19. b3 Ng4 20. Rh3 f5 21. exf5
Nxd5 22. Bb2 Bxc3 23. Bxc3 gxf5 24. Rd3 Nf4 25. Rd2 Kf7 26. f3 Nf6 27. Ne3 e6
28. Bxf6 Kxf6 29. Rad1 d5 30. g3 Nh3+ 31. Kg2 Ng5 32. Rc1 Rb5 33. Re1 Nf7 34.
Nd1 Rba5 35. Nc3 d4 36. Na4 Rxa4 37. bxa4 Ne5 38. Rc1 Nd7 39. Rb2 e5 40. Rb7 Ke6
41. Rxd7 Kxd7 42. Rxc5 Kd6 43. Rc4 Rb6 44. a3 Rb2+ 45. Kg1 d3 46. Kf1 Rb1+ 0-1

[Event "Reykjavik Open 2018"]
[Site "Reykjavik ISL"]
[Date "2018.03.13"]
[Round "8.18"]
[White "Brunello, Sabino"]
[Black "L'Ami, Alina"]
[Result "1-0"]
[WhiteTitle "GM"]
[BlackTitle "IM"]
[WhiteElo "2542"]
[BlackElo "2306"]
[WhiteFideId "813613"]
[BlackFideId "1210246"]
[EventDate "2018.03.06"]

1. d4 Nf6 2. c4 g6 3. f3 Bg7 4. e4 d6 5. Nc3 O-O 6. Nge2 c5 7. Be3 cxd4 8. Nxd4
b6 9. Be2 Bb7 10. O-O Nbd7 11. Qd2 Re8 12. Rac1 Rc8 13. Rfd1 Qc7 14. b4 Qb8 15.
a4 Ne5 16. Nd5 Nc6 17. Nb3 Nd7 18. a5 e6 19. Nc3 bxa5 20. b5 Nce5 21. Nxa5 Nb6
22. Na2 Bf8 23. Nb4 Qc7 24. f4 Ned7 25. Bf3 Nc5 26. Qc2 d5 27. cxd5 exd5 28. e5
Nc4 29. Nxc4 dxc4 30. Bxb7 Qxb7 31. Qxc4 a6 32. b6 Qxb6 33. Nd5 Qb3 34. Qxb3
Nxb3 35. Rb1 Nc5 36. Nf6+ Kg7 37. Nxe8+ Rxe8 38. Rd5 Ne6 39. Rb7 Ra8 40. Rdd7 a5
41. Rxf7+ Kg8 42. Rf6 Ng7 43. g4 Bb4 44. Rff7 Ne6 45. f5 Nd8 46. Rg7+ Kf8 47.
Rxh7 1-0

[Event "Reykjavik Open 2018"]
[Site "Reykjavik ISL"]
[Date "2018.03.13"]
[Round "8.19"]
[White "Povah, Nigel E"]
[Black "Moradiabadi, Elshan"]
[Result "0-1"]
[WhiteTitle "IM"]
[BlackTitle "GM"]
[WhiteElo "2284"]
[BlackElo "2535"]
[WhiteFideId "400467"]
[BlackFideId "12501255"]
[EventDate "2018.03.06"]

1. d4 e6 2. Nf3 d5 3. e3 g6 4. Bd3 Bg7 5. b3 c5 6. c3 Nd7 7. O-O Ne7 8. Ba3 b6
9. e4 dxe4 10. Bxe4 Rb8 11. Nbd2 O-O 12. Rc1 Ba6 13. Re1 Qc7 14. Qc2 Rbc8 15. c4
Rfe8 16. Bb2 cxd4 17. Bxd4 e5 18. Bb2 f5 19. Bd3 Nc6 20. Bf1 Nc5 21. a3 Ne6 22.
b4 Bb7 23. Nb3 e4 24. Nfd2 Ncd4 25. Qb1 Be5 26. h3 Qg7 27. Nxd4 Nxd4 28. Ba1 Qh6
29. Rcd1 Qf4 30. g3 Qg5 31. Bg2 Red8 32. c5 Bd5 33. cxb6 axb6 34. Nf1 Bf7 35. h4
Qf6 36. Ne3 h5 37. Nf1 Kh7 38. a4 Bc4 39. Ne3 Bd3 40. Qa2 Rd7 41. Nd5 Qd6 42.
Bxd4 Bxd4 43. Nf4 Rc2 44. Qb3 Bxf2+ 45. Kh2 Bxe1 46. Rxe1 Rc4 0-1

[Event "Reykjavik Open 2018"]
[Site "Reykjavik ISL"]
[Date "2018.03.13"]
[Round "8.20"]
[White "Loiseau, Quentin"]
[Black "Risting, Eivind Olav"]
[Result "1-0"]
[WhiteTitle "IM"]
[BlackTitle "FM"]
[WhiteElo "2427"]
[BlackElo "2304"]
[WhiteFideId "665274"]
[BlackFideId "1517333"]
[EventDate "2018.03.06"]

1. e4 e6 2. d4 d5 3. Nc3 Nf6 4. Bg5 dxe4 5. Nxe4 Be7 6. Bxf6 gxf6 7. Nf3 f5 8.
Nc3 a6 9. Qe2 Qd6 10. O-O-O Nd7 11. d5 Bf6 12. dxe6 Qxe6 13. Nd5 Qxe2 14. Bxe2
Bd8 15. Bd3 Nc5 16. Rhe1+ Kf8 17. Ne3 Nxd3+ 18. Rxd3 Be7 19. Nd4 f4 20. Nd5 Bd6
21. Rc3 c5 22. Nb3 Rg8 23. Nb6 Rb8 24. Nxc5 Kg7 25. Rd1 Be7 26. Ncd7 Bxd7 27.
Rxd7 Bg5 28. Kd1 Bf6 29. Rb3 Rbd8 30. Ke2 Bd4 31. Rxd8 Rxd8 32. c3 Bf6 33. Rb4
Rd6 34. Nc4 Re6+ 35. Kf3 b5 36. Nd2 Re1 37. a4 bxa4 38. Rxa4 Rd1 39. Ne4 Be7 40.
Kxf4 Rb1 41. b4 1-0

[Event "Reykjavik Open 2018"]
[Site "Reykjavik ISL"]
[Date "2018.03.13"]
[Round "8.21"]
[White "Bick, Gabriel"]
[Black "Cumming, Rhys"]
[Result "1-0"]
[WhiteElo "2416"]
[BlackElo "2155"]
[WhiteFideId "2084058"]
[BlackFideId "470163"]
[EventDate "2018.03.06"]

1. e4 e5 2. Nf3 Nc6 3. Bc4 Bc5 4. O-O Nf6 5. d3 O-O 6. Nbd2 d6 7. c3 a5 8. h3
Be6 9. b3 Ba7 10. Re1 Bd7 11. Nf1 Ne7 12. a4 Ng6 13. Ng3 h6 14. d4 Qc8 15. Be3
Bb8 16. Qd2 Kh7 17. dxe5 dxe5 18. Bc5 Rd8 19. Bxf7 Nh8 20. Bc4 Bxh3 21. Qe3 Ng6
22. gxh3 b6 23. Nf5 bxc5 24. Kh1 Nh5 25. Rg1 Ngf4 26. Nxe5 c6 27. Ng6 Ra7 28.
Qf3 Rd2 29. Rad1 Rxd1 30. Qxd1 Rd7 1-0

[Event "Reykjavik Open 2018"]
[Site "Reykjavik ISL"]
[Date "2018.03.13"]
[Round "8.22"]
[White "Cummings, David H."]
[Black "Norowitz, Yaacov"]
[Result "1/2-1/2"]
[WhiteTitle "IM"]
[BlackTitle "IM"]
[WhiteElo "2322"]
[BlackElo "2412"]
[WhiteFideId "2603578"]
[BlackFideId "2024799"]
[EventDate "2018.03.06"]

1. c4 b6 2. Nc3 Bb7 3. e4 e5 4. Nf3 Nc6 5. Be2 Nf6 6. O-O Bc5 7. d3 h6 8. Nxe5
Nxe5 9. d4 Nc6 10. dxc5 bxc5 11. Be3 d6 12. Qd2 O-O 13. Rad1 Re8 14. f3 a5 15.
Nd5 Nb4 16. a3 Nbxd5 17. cxd5 Qe7 18. Bb5 Reb8 19. Rfe1 Bxd5 20. exd5 Rxb5 21.
a4 Rb7 22. Bxc5 Qd8 23. Bd4 Nxd5 24. Bxg7 Kxg7 25. Qxd5 Rxb2 26. Re4 Rb4 27.
Rde1 c6 28. Qxc6 Qb6+ 29. Qxb6 Rxb6 30. Rd1 Rc8 31. Red4 Rb2 32. R1d2 Rxd2 33.
Rxd2 Rc4 34. Rxd6 Rxa4 1/2-1/2

[Event "Reykjavik Open 2018"]
[Site "Reykjavik ISL"]
[Date "2018.03.13"]
[Round "8.23"]
[White "Navalgund, Niranjan"]
[Black "Pigott, John C"]
[Result "1-0"]
[BlackTitle "IM"]
[WhiteElo "2275"]
[BlackElo "2403"]
[WhiteFideId "5030854"]
[BlackFideId "400459"]
[EventDate "2018.03.06"]

1. d4 Nf6 2. c4 e6 3. Nc3 Bb4 4. e3 O-O 5. Bd3 d5 6. Nf3 c5 7. O-O cxd4 8. exd4
dxc4 9. Bxc4 b6 10. Qe2 Bb7 11. Rd1 Nbd7 12. d5 Bxc3 13. dxe6 Bxf3 14. Qxf3 Ne5
15. exf7+ Kh8 16. Rxd8 Nxf3+ 17. gxf3 Raxd8 18. bxc3 Rd1+ 19. Kg2 Nd7 20. f4 h6
21. Bb2 Rxa1 22. Bxa1 g6 23. Be6 Nc5 24. c4+ Kh7 25. Bd5 Nd3 26. Kg3 Nb4 27. Be6
Nxa2 28. Bf6 Nc1 29. f5 Nd3 30. Be7 1-0

[Event "Reykjavik Open 2018"]
[Site "Reykjavik ISL"]
[Date "2018.03.13"]
[Round "8.24"]
[White "Thavandiran, Shiyam"]
[Black "Giacomini, Hector"]
[Result "1-0"]
[WhiteTitle "IM"]
[WhiteElo "2399"]
[BlackElo "2193"]
[WhiteFideId "2605058"]
[BlackFideId "605352"]
[EventDate "2018.03.06"]

1. e4 c6 2. d4 d5 3. e5 c5 4. dxc5 e6 5. a3 Bxc5 6. Nf3 Ne7 7. Bd3 Nbc6 8. b4
Bb6 9. Bb2 Ng6 10. O-O O-O 11. Re1 f6 12. exf6 gxf6 13. c4 Nf4 14. Bf1 e5 15.
Nc3 d4 16. Ne2 Ng6 17. Ng3 Bc7 18. c5 Nce7 19. Bc4+ Kh8 20. Bc1 Ng8 21. Qd3 Bd7
22. b5 Ba5 23. Bd2 Bxd2 24. Nxd2 Rc8 25. Nde4 Nf4 26. Qf3 Qe7 27. Bxg8 Rxg8 28.
Rac1 Bxb5 29. Nd6 Bc6 30. Nxc8 Rxc8 31. Qxf4 exf4 32. Rxe7 fxg3 33. hxg3 Rd8 34.
Rd1 d3 35. f3 a6 36. Kf2 Rd5 37. Ke3 Bb5 38. Kd2 Rg5 39. g4 Kg8 40. Rxb7 h5 41.
Rc1 Re5 42. Rxb5 1-0

[Event "Reykjavik Open 2018"]
[Site "Reykjavik ISL"]
[Date "2018.03.13"]
[Round "8.25"]
[White "Pantzar, Milton"]
[Black "Abrahamyan, Tatev"]
[Result "0-1"]
[WhiteTitle "FM"]
[BlackTitle "WGM"]
[WhiteElo "2263"]
[BlackElo "2369"]
[WhiteFideId "1721003"]
[BlackFideId "13301918"]
[EventDate "2018.03.06"]

1. d4 Nf6 2. c4 e6 3. Nc3 Bb4 4. e3 O-O 5. Bd3 d5 6. cxd5 exd5 7. Ne2 Re8 8. Bd2
c6 9. O-O Nbd7 10. f3 c5 11. a3 Ba5 12. dxc5 Nxc5 13. Bb5 Ncd7 14. Nf4 Re5 15.
Nce2 Nf8 16. Nd4 Bxd2 17. Qxd2 Bd7 18. Bd3 Qe7 19. Rae1 Re8 20. Nc2 Ba4 21. Nd4
g5 22. Nfe2 Bd7 23. Nc2 Ng6 24. Ned4 Nh5 25. g3 Bh3 26. Rf2 f5 27. Bb5 Rd8 28.
f4 gxf4 29. gxf4 Re4 30. Bd3 Nh4 31. Kh1 Kf7 32. Rg1 Rd6 33. Bxe4 Qxe4+ 34. Rgg2
Bxg2+ 35. Rxg2 Rg6 36. Ne1 Nf6 37. Qb4 Nxg2 0-1

[Event "Reykjavik Open 2018"]
[Site "Reykjavik ISL"]
[Date "2018.03.13"]
[Round "8.26"]
[White "Shailesh, Dravid"]
[Black "Unuk, Laura"]
[Result "1-0"]
[WhiteTitle "FM"]
[BlackTitle "WIM"]
[WhiteElo "2246"]
[BlackElo "2346"]
[WhiteFideId "25017969"]
[BlackFideId "14609215"]
[EventDate "2018.03.06"]

1. e4 e6 2. d4 d5 3. Nc3 Nf6 4. e5 Nfd7 5. f4 c5 6. Nf3 Be7 7. Be3 b6 8. Qd2 O-O
9. h4 Bb7 10. h5 Nc6 11. h6 g6 12. Bb5 cxd4 13. Nxd4 Nxd4 14. Bxd4 Nc5 15. Qe3
Rc8 16. O-O Ne4 17. Nxe4 dxe4 18. c3 Bc5 19. Rad1 Qh4 20. Qh3 Qxh3 21. gxh3 Be7
22. Kf2 Rfd8 23. Ke3 Bf8 24. Ba4 Ba6 25. Rf2 Bd3 26. Rdd2 Bb1 27. a3 Bxh6 28.
Bc2 Bxc2 29. Rxc2 b5 30. Kxe4 a5 31. b4 Rc4 32. Ke3 axb4 33. axb4 Bf8 34. Rb2
Kg7 35. Rfd2 Kh6 36. Ra2 Kg7 37. Ra7 Rd5 38. Rb7 h6 39. f5 Rc6 40. fxg6 Kxg6 41.
Rg2+ Kh5 42. Rxf7 Bxb4 43. cxb4 Rc4 44. Rd2 Rxb4 45. Rf6 Rb1 46. Rxe6 b4 47. Rb6
b3 48. Ke4 Rd8 49. Be3 Rh8 50. Rdd6 Kh4 51. Rxh6+ Rxh6 52. Rxh6+ Kg3 53. Rb6 b2
54. e6 1-0

[Event "Reykjavik Open 2018"]
[Site "Reykjavik ISL"]
[Date "2018.03.13"]
[Round "8.27"]
[White "Einarsson, Oskar Long"]
[Black "Bisby, Daniel L"]
[Result "0-1"]
[BlackTitle "FM"]
[WhiteElo "1729"]
[BlackElo "2339"]
[WhiteFideId "2309220"]
[BlackFideId "404586"]
[EventDate "2018.03.06"]

1. e4 c5 2. Nf3 d6 3. d4 cxd4 4. Nxd4 Nf6 5. Nc3 g6 6. Be3 a6 7. a4 Bg7 8. Be2
O-O 9. O-O Nc6 10. Qd2 d5 11. exd5 Nxd5 12. Nxd5 Nxd4 13. Nxe7+ Qxe7 14. Bc4 Rd8
15. Bg5 Bf6 16. f4 0-1

[Event "Reykjavik Open 2018"]
[Site "Reykjavik ISL"]
[Date "2018.03.13"]
[Round "8.28"]
[White "Bartholomew, John"]
[Black "Velez Romero, Juan Luis"]
[Result "1-0"]
[WhiteTitle "IM"]
[WhiteElo "2477"]
[BlackElo "1981"]
[WhiteFideId "2019353"]
[BlackFideId "2273187"]
[EventDate "2018.03.06"]

1. d4 Nf6 2. Nf3 c5 3. c3 e6 4. Bg5 h6 5. Bxf6 Qxf6 6. e4 cxd4 7. cxd4 Bb4+ 8.
Nc3 O-O 9. Rc1 d5 10. e5 Qd8 11. Bd3 Nc6 12. O-O a6 13. Bb1 Bd7 14. h4 Be8 15.
Qd3 g6 16. h5 Ne7 17. a3 Bxc3 18. Rxc3 Nf5 19. Qd2 Kg7 20. Rfc1 Bc6 21. Qf4 g5
22. Qd2 g4 23. Nh2 Qh4 24. Qf4 Qxh5 25. Nxg4 Qg5 26. Qf3 Nxd4 27. Qf6+ Qxf6 28.
exf6+ Kh8 29. Rh3 Ne2+ 30. Kh2 Nxc1 31. Nxh6 Rae8 32. Rg3 1-0

[Event "Reykjavik Open 2018"]
[Site "Reykjavik ISL"]
[Date "2018.03.13"]
[Round "8.29"]
[White "Kvetny, Mark"]
[Black "Fridjonsson, Julius"]
[Result "1-0"]
[WhiteTitle "IM"]
[WhiteElo "2408"]
[BlackElo "2167"]
[WhiteFideId "24603929"]
[BlackFideId "2300842"]
[EventDate "2018.03.06"]

1. d4 d5 2. c4 c6 3. cxd5 cxd5 4. Bf4 Nf6 5. Nc3 Nc6 6. e3 Bf5 7. Qb3 Na5 8.
Bb5+ Bd7 9. Qc2 Rc8 10. Bd3 e6 11. Nf3 Be7 12. O-O O-O 13. Ne5 b5 14. a3 Nc4 15.
Rfc1 a5 16. Qe2 a4 17. Rc2 Re8 18. Rac1 Bf8 19. Bg5 Be7 20. Bxf6 Bxf6 21. Bxh7+
Kf8 22. Bd3 g6 23. f4 Kg7 24. Qf3 Rh8 25. Rf2 Be8 26. Na2 Rc7 27. Rcc2 Kf8 28.
g4 Bg7 29. Nb4 f5 30. Rg2 Bxe5 31. fxe5 Rch7 32. Rcf2 Rh3 33. Rg3 Rxg3+ 34. Qxg3
Qg5 35. gxf5 Qxg3+ 36. hxg3 gxf5 37. Bxc4 bxc4 38. Rh2 Rxh2 39. Kxh2 Kg7 40. Na6
Kf7 41. Nc5 Ke7 42. Kg1 Bb5 43. Kf2 c3 44. bxc3 Kf7 45. Kf3 Ke7 46. Kf4 Bc6 47.
Kg5 Kf7 48. Kh6 Bb5 49. Nb7 Ke7 50. Kg7 Bd3 51. Nd6 Ba6 52. Nf7 Be2 53. Nh8 1-0

[Event "Reykjavik Open 2018"]
[Site "Reykjavik ISL"]
[Date "2018.03.13"]
[Round "8.30"]
[White "Janzelj, Lara"]
[Black "Thorfinnsson, Bjorn"]
[Result "0-1"]
[WhiteTitle "WFM"]
[BlackTitle "IM"]
[WhiteElo "2180"]
[BlackElo "2399"]
[WhiteFideId "14608391"]
[BlackFideId "2300982"]
[EventDate "2018.03.06"]

1. d4 e6 2. c4 b6 3. Nf3 Bb7 4. a3 f5 5. Nc3 Be7 6. d5 Qc8 7. Bf4 Nf6 8. Nb5 d6
9. dxe6 O-O 10. e3 Ne4 11. Bd3 a6 12. Nbd4 c5 13. Ne2 Qxe6 14. h4 h6 15. h5 Nd7
16. Bh2 Bf6 17. Nf4 Qf7 18. Qc2 Rfe8 19. Nd2 Ne5 20. Bxe4 fxe4 21. Bg3 Bg5 22.
Ke2 Qf5 23. Qb3 Bc6 24. Rab1 Rab8 25. Rh3 Kh7 26. Kf1 b5 27. Qc2 bxc4 28. f3 Nd3
29. Nxc4 Bxf4 30. exf4 exf3 31. Nxd6 Re2 32. Nxf5 Rxc2 33. gxf3 Bd7 0-1

[Event "Reykjavik Open 2018"]
[Site "Reykjavik ISL"]
[Date "2018.03.13"]
[Round "8.31"]
[White "Kavutskiy, Konstantin"]
[Black "Jacobsen, Mikkel Manosri"]
[Result "1-0"]
[WhiteTitle "IM"]
[BlackTitle "FM"]
[WhiteElo "2383"]
[BlackElo "2161"]
[WhiteFideId "2026384"]
[BlackFideId "1444514"]
[EventDate "2018.03.06"]

1. d4 Nf6 2. c4 b6 3. Nc3 Bb7 4. Nf3 g6 5. Qc2 Bxf3 6. gxf3 Bg7 7. e4 Nh5 8. Be3
Nc6 9. e5 f6 10. f4 e6 11. d5 Ne7 12. dxe6 fxe5 13. O-O-O exf4 14. Rxd7 Qc8 15.
Rxe7+ Kxe7 16. Nd5+ Ke8 17. Bd3 fxe3 18. Bxg6+ hxg6 19. Qxg6+ Kd8 20. Qf7 1-0

[Event "Reykjavik Open 2018"]
[Site "Reykjavik ISL"]
[Date "2018.03.13"]
[Round "8.32"]
[White "Vidic, Teja"]
[Black "Fenil, Shah"]
[Result "1-0"]
[WhiteTitle "WFM"]
[BlackTitle "FM"]
[WhiteElo "2180"]
[BlackElo "2346"]
[WhiteFideId "14605511"]
[BlackFideId "5019850"]
[EventDate "2018.03.06"]

1. e4 c5 2. Nf3 e6 3. c3 Nf6 4. e5 Nd5 5. d4 cxd4 6. cxd4 b6 7. Nc3 Nxc3 8. bxc3
Bb7 9. Bd3 Qc7 10. Bd2 d6 11. O-O Nd7 12. Re1 dxe5 13. Nxe5 Nxe5 14. Rxe5 Bd6
15. Rh5 g6 16. Bb5+ Bc6 17. Qf3 O-O-O 18. Bxc6 gxh5 19. a4 a5 20. Rb1 Rhg8 21.
Be3 Rg6 22. d5 Rdg8 23. Rxb6 Rxg2+ 24. Kf1 Rg1+ 25. Ke2 Qe7 26. Ra6 Rb1 27. Bb5
Rgg1 28. dxe6 Rb2+ 29. Kd3 Qb7 30. Ra8+ Bb8 31. Ba6 Qxa6+ 32. Rxa6 1-0

[Event "Reykjavik Open 2018"]
[Site "Reykjavik ISL"]
[Date "2018.03.13"]
[Round "8.33"]
[White "Adocchio, Giampiero"]
[Black "Sarkar, Justin"]
[Result "0-1"]
[BlackTitle "IM"]
[WhiteElo "2157"]
[BlackElo "2322"]
[WhiteFideId "4666011"]
[BlackFideId "2010011"]
[EventDate "2018.03.06"]

1. d4 Nf6 2. Nf3 g6 3. Bg5 Bg7 4. Nbd2 O-O 5. c3 d5 6. e3 Nbd7 7. Be2 Re8 8. O-O
e5 9. Bh4 e4 10. Ne1 c6 11. c4 Nf8 12. Nc2 h6 13. c5 g5 14. Bg3 Ng6 15. b4 Kh7
16. b5 Ng8 17. bxc6 bxc6 18. Nb4 N8e7 19. Na6 Nf5 20. Bc7 Qd7 21. Ba5 Bxa6 22.
Bxa6 Nfe7 23. Rb1 Rab8 24. Rxb8 Rxb8 25. Qc2 f5 26. Rb1 Rxb1+ 27. Qxb1 f4 28.
Be2 Nf5 29. g4 fxe3 30. gxf5 Nf4 31. fxe3 Nxe2+ 32. Kf1 Nxd4 33. exd4 Qxf5+ 34.
Kg2 Bxd4 35. Qb7+ Kg6 36. Qxc6+ Kh5 37. Qe8+ Kh4 38. Nxe4 Qh3+ 0-1

[Event "Reykjavik Open 2018"]
[Site "Reykjavik ISL"]
[Date "2018.03.13"]
[Round "8.34"]
[White "Midoux, Sebastien"]
[Black "Kristjansson, Atli Freyr"]
[Result "0-1"]
[WhiteElo "2319"]
[BlackElo "2123"]
[WhiteFideId "611140"]
[BlackFideId "2302268"]
[EventDate "2018.03.06"]

1. e4 e5 2. Bc4 Nf6 3. d3 Nc6 4. Nf3 Bc5 5. Nc3 d6 6. h3 h6 7. Na4 O-O 8. a3 Be6
9. Bxe6 fxe6 10. Nxc5 dxc5 11. Be3 Qd6 12. g4 Nxe4 13. dxe4 Qxd1+ 14. Rxd1 Rxf3
15. Rd7 b6 16. Rxc7 Nd4 17. Kd1 Rd8 18. Kc1 Ne2+ 19. Kb1 Rf7 20. Rxf7 Kxf7 21.
h4 Kg6 22. h5+ Kf6 23. a4 Nf4 24. Rg1 Rd6 25. a5 c4 26. Ka2 bxa5 27. Bxa7 Rd2
28. Kb1 Ne2 29. Be3 Rd7 30. g5+ hxg5 31. Bxg5+ Kf7 32. Rh1 c3 33. Re1 Nd4 34.
Re3 cxb2 35. c3 Nb5 36. Rf3+ Kg8 37. Kxb2 Nd6 38. Rd3 Rb7+ 39. Ka2 Nxe4 40. Be3
Rc7 41. Kb2 a4 42. Rd8+ Kf7 43. Rh8 Rxc3 44. h6 a3+ 45. Ka2 gxh6 46. Rh7+ Kf6
47. Rxh6+ Ke7 48. Bb6 Nxf2 49. Ba5 Rc2+ 50. Kxa3 Nd3 51. Kb3 Rc6 52. Bc3 Kd6 53.
Kc2 Nf4 54. Kd2 Kd5 55. Rh1 Ra6 56. Rb1 Ra2+ 57. Kd1 Ke4 58. Rb4+ Kf5 59. Rb5
Nd5 60. Bb2 e4 61. Rb8 e3 62. Rb7 Ke4 63. Rb8 Nf4 64. Rb4+ Kf3 65. Rb3 Nd3 0-1

[Event "Reykjavik Open 2018"]
[Site "Reykjavik ISL"]
[Date "2018.03.13"]
[Round "8.35"]
[White "Karlsson, Mikael Johann"]
[Black "Thorsteinsson, Thorsteinn"]
[Result "1/2-1/2"]
[BlackTitle "FM"]
[WhiteElo "2150"]
[BlackElo "2317"]
[WhiteFideId "2305194"]
[BlackFideId "2300281"]
[EventDate "2018.03.06"]

1. Nf3 Nf6 2. c4 g6 3. g3 Bg7 4. Bg2 O-O 5. Nc3 d6 6. O-O c6 7. h3 e5 8. e4 Nbd7
9. d4 Re8 10. Be3 exd4 11. Bxd4 Qc7 12. Re1 Ne5 13. c5 Nfd7 14. cxd6 Qxd6 15.
Bxe5 Qxd1 16. Raxd1 Nxe5 17. Nd4 Nc4 18. b3 Nb6 19. f4 f6 20. Kh2 Bd7 21. b4 Bf8
22. Nc2 Rad8 23. g4 Bc8 24. Bf1 Kf7 25. Kg3 g5 26. fxg5 Rxd1 27. Rxd1 fxg5 28.
a3 Bg7 29. Rd3 Kg6 30. Ne3 Be5+ 31. Kf2 Be6 32. Ne2 Rf8+ 33. Nf5 Bc4 34. Rd2 Rf7
35. Ng1 Bxf1 36. Kxf1 Rd7 37. Ra2 Nc4 38. Ke2 Bf4 39. Nf3 Ne5 40. N3d4 h5 41.
Ne6 Rd3 42. gxh5+ Kxh5 43. h4 Rh3 44. Rc2 Rxa3 45. hxg5 Bxg5 46. Rc5 Ra2+ 47.
Kf1 Bf6 48. Nd6 Kg4 49. Nxb7 Nf3 50. Ra5 Rb2 51. Nbc5 Rd2 52. e5 Nh2+ 53. Ke1
Nf3+ 54. Kf1 Nh2+ 55. Ke1 Nf3+ 56. Kf1 1/2-1/2

[Event "Reykjavik Open 2018"]
[Site "Reykjavik ISL"]
[Date "2018.03.13"]
[Round "8.36"]
[White "Baldursson, Hrannar"]
[Black "Kantorik, Marian"]
[Result "1-0"]
[BlackTitle "IM"]
[WhiteElo "2130"]
[BlackElo "2313"]
[WhiteFideId "2301156"]
[BlackFideId "14900513"]
[EventDate "2018.03.06"]

1. c4 e6 2. e4 d5 3. exd5 exd5 4. d4 Nf6 5. Nf3 Bb4+ 6. Bd2 Bxd2+ 7. Nbxd2 O-O
8. Be2 Nc6 9. O-O Bg4 10. h3 Bh5 11. Rc1 dxc4 12. Rxc4 Nd5 13. Ne5 Bxe2 14. Qxe2
Nf4 15. Qe4 Nxd4 16. Kh2 Nde6 17. Ndf3 Qd5 18. Qc2 Rad8 19. b4 c6 20. Re1 Ng6
21. Nxg6 hxg6 22. Re5 Qd3 23. Qc1 Rd5 24. Re3 Qf5 25. Rce4 Qf6 26. g3 Ng5 27.
Rf4 Nxf3+ 28. Rexf3 Qe6 29. Qc3 Qe2 30. Re3 Qxa2 31. Re7 g5 32. Rf3 Rd1 33. Qe5
Qb1 34. Rf5 Rd5 35. Rexf7 Rxe5 36. Rxf8+ Kh7 37. Rxe5 Qxb4 38. Rf7 b5 39. Rxg5
Qd4 40. Rg4 Qc3 41. Rxa7 b4 42. Rb7 c5 43. Kg2 b3 44. Rh4+ Kg8 45. Rb8+ Kf7 46.
Rf4+ Ke6 47. Rf3 Qd2 48. Rbxb3 c4 49. Rbe3+ Kd6 50. h4 Kc5 51. Kh3 Qd7+ 52. Kh2
Qd2 53. Rf7 Kb6 54. Rff3 Kc5 55. g4 Qd6+ 56. Kh3 Kb4 57. Re4 Qd1 58. Rff4 Qh1+
59. Kg3 Qg1+ 60. Kf3 Qh1+ 61. Ke2 Qxh4 62. Rxc4+ Kb5 63. Rce4 Kc5 64. Rf5+ Kd6
65. Rfe5 Qh1 66. Re7 Kd5 67. Re3 Qh6 68. R3e5+ Kd4 69. Re4+ Kc3 70. Rc7+ Kb3 71.
Ree7 g6 72. Re6 Qf4 73. Rb6+ 1-0

[Event "Reykjavik Open 2018"]
[Site "Reykjavik ISL"]
[Date "2018.03.13"]
[Round "8.37"]
[White "Ingvason, Johann"]
[Black "Bewersdorff, Oliver"]
[Result "1/2-1/2"]
[BlackTitle "FM"]
[WhiteElo "2126"]
[BlackElo "2312"]
[WhiteFideId "2301431"]
[BlackFideId "4602897"]
[EventDate "2018.03.06"]

1. e4 e5 2. Nf3 Nc6 3. Bb5 a6 4. Ba4 Nf6 5. d3 d6 6. c3 g6 7. O-O Bg7 8. Re1 O-O
9. d4 b5 10. Bb3 Bb7 11. a4 Na5 12. Bc2 exd4 13. cxd4 Re8 14. axb5 axb5 15. d5
c6 16. dxc6 Bxc6 17. Nc3 b4 18. Nd5 b3 19. Bb1 Rb8 20. Nxf6+ Bxf6 21. Rxa5 Qxa5
22. Qxd6 Bxe4 23. Bxe4 Re6 24. Qf4 Rbe8 25. Rf1 Bg7 26. Bd3 Qa7 27. Ng5 R6e7 28.
Bc4 Qb7 29. Qh4 h6 30. Nxf7 Rxf7 31. Bxh6 Qe4 32. Bxf7+ Kxf7 33. Qh3 Bxh6 34.
Qxh6 Qd4 35. Qc1 Re2 36. Qc7+ Re7 37. Qc1 1/2-1/2

[Event "Reykjavik Open 2018"]
[Site "Reykjavik ISL"]
[Date "2018.03.13"]
[Round "8.38"]
[White "Thorgeirsson, Jon Kristinn"]
[Black "Halldorsson, Bragi"]
[Result "1-0"]
[WhiteTitle "FM"]
[WhiteElo "2298"]
[BlackElo "2126"]
[WhiteFideId "2307731"]
[BlackFideId "2300907"]
[EventDate "2018.03.06"]

1. e4 c6 2. Nc3 d5 3. Nf3 Bg4 4. h3 Bxf3 5. Qxf3 e6 6. d4 dxe4 7. Nxe4 Qxd4 8.
Bg5 f5 9. Nd2 Nd7 10. O-O-O Ngf6 11. Bc4 Nd5 12. Rhe1 Kf7 13. Re4 Qb6 14. Rde1
Be7 15. Rxe6 Bxg5 16. Qh5+ Kg8 17. Qxg5 h6 18. Re8+ Rxe8 19. Rxe8+ Nf8 20. Qxf5 1-0